LIBRARY ONLINE CATALOGUE

Luhmann on law and politics : (Record no. 9870)

MARC details
000 -LEADER
fixed length control field 00758cam a22002292 4500
001 - CONTROL NUMBER
control field 0000023570
005 - DATE AND TIME OF LATEST TRANSACTION
control field 20151217152244.0
008 - FIXED-LENGTH DATA ELEMENTS--GENERAL INFORMATION
fixed length control field 130228s xx 000 0 eng d
020 ## - INTERNATIONAL STANDARD BOOK NUMBER
International Standard Book Number 1841136233 :
040 ## - CATALOGING SOURCE
Original cataloging agency KABU
Transcribing agency KABU
245 10 - TITLE STATEMENT
Title Luhmann on law and politics :
Remainder of title critical appraisals and applications /
Statement of responsibility, etc. edited by Michael King and Chris Thornhill.
250 ## - EDITION STATEMENT
Edition statement 1st ed.
260 ## - PUBLICATION, DISTRIBUTION, ETC. (IMPRINT)
Place of publication, distribution, etc. Oxford :
Name of publisher, distributor, etc. Hart Publishing,
Date of publication, distribution, etc. 2006.
300 ## - PHYSICAL DESCRIPTION
Extent vii, 253 p.
600 10 - SUBJECT ADDED ENTRY--PERSONAL NAME
Personal name Luhmann, Niklas,
Dates associated with a name 1927-1998.
-- 0000183041
650 #0 - SUBJECT ADDED ENTRY--TOPICAL TERM
Topical term or geographic name as entry element Law
General subdivision Political aspects.
-- 0000183042
700 1# - ADDED ENTRY--PERSONAL NAME
Personal name King, Michael.
-- 0000183043
700 1# - ADDED ENTRY--PERSONAL NAME
Personal name Thornhill, Chris.
-- 0000167745
852 1# - LOCATION
-- p6235 KES
908 ## - PUT COMMAND PARAMETER (RLIN)
Put command parameter 130228
950 ## - LOCAL HOLDINGS (RLIN)
-- 1
Holdings
Withdrawn status Lost status Source of classification or shelving scheme Not for loan Home library Current library Date acquired Total Checkouts Full call number Barcode Date last seen Price effective from Koha item type
    Library of Congress Classification   Kabarak, Main Campus Kabarak, Main Campus 17/12/2015   K487 .L84 2006 c. 1 014487 17/12/2015 17/12/2015 General Collection